000 02147cmm a2200457 a 4500
001 11768630
003 ASAB
005 20180827062624.0
007 co cgu
008 990802s1998 nyu m eng d
010 _a 99383236
_z 98801355
020 _a1888902779
035 _a(DLC) 99383236
035 _a(OCoLC)37941422
040 _aCSZ
_cASAB
_dDLC
042 _alccopycat
050 0 0 _aQR41.2
060 4 _aQW 18.2 W564e 1998
082 1 0 _a579
_213
100 1 _akathleen campbell smith
_91672
245 1 3 _aAn electronic companion to microbiology for majors
246 3 _aMicrobiology for majors
256 _aComputer data and program.
260 _aNew York :
_bCogito Learning Media, Inc.,
_cc1998.
300 _bcol. ;
_c4 3/4 in. +
_e1 workbook (185 p. : ill. ; 24 cm.)
500 _aTitle from disc label.
500 _aWorkbook by Kathleen Campbell Smith, additional questions by Diana Sue Katz.
520 _aMultimedia study guide for microbiology which includes interactive review and self-testing of key concepts; interactive multiple choice, "drag and drop," true/false, and fill-in-the-blank questions; accompanying workbook with focused summaries and additional problems and exercises. Uses concise text, animation and video.
538 _aSystem requirements (Windows): IBM PC or compatibles; Windows 3.1 or higher; 486 processor or higher; 8MB RAM or more (for Windows 95, requires 12MB or more RAM).
538 _aSystem requirements (Macintosh): Macintosh with 040 processor or higher; System 7.1 or later; 8MB or more RAM (12MB or more RAM required with PowerPC).
650 0 _aMicrobiology
_vSoftware.
_91673
650 0 _aMicrobiology
_xExaminations, questions, etc.
_vSoftware.
_91674
650 2 _aMicrobiology
_xexamination questions
_xCD-ROM.
_91675
650 2 _aMicrobiology
_xoutlines
_xCD-ROM.
_91676
700 1 _aSmith, Kathleen Campbell.
_91677
700 1 _aKatz, Diana Sue.
_91678
710 2 _aCogito Learning Media, Inc.
_91679
906 _a7
_bcbc
_ccopycat
_du
_encip
_f19
_gy-gencompf
942 _2ddc
_cBK
999 _c480046
_d480046